Eso es ser pobre e indio en este país". Repercusiones urbanas e implicaciones sociales de la discriminación y la exclusión: lecciones de El Alto, Bolivia /
1Juan Manuel Arbona introduce la dimensión espacial en el análisis de los procesos de discriminación y exclusión; para ello presenta la acción de estos procesos en la ciudad de El Alto, en Bolivia, y su in?uencia en el surgimiento de las movilizaciones sociales que tuvieron lugar en octubre de 2003....
Saved in:
| Main Author: | |
|---|---|
| Format: | Text |
| Subjects: | |
| Tags: |
Add Tag
No Tags, Be the first to tag this record!
|
MARC
| LEADER | 00000 a a2200000 04500 | ||
|---|---|---|---|
| 001 | 41865 | ||
| 003 | |||
| 040 | |||
| 100 | |a Arbona, Juan Manuel | ||
| 245 | |a Eso es ser pobre e indio en este país". Repercusiones urbanas e implicaciones sociales de la discriminación y la exclusión: |b lecciones de El Alto, Bolivia / |c Juan Manuel Arbona | ||
| 520 | |a 1Juan Manuel Arbona introduce la dimensión espacial en el análisis de los procesos de discriminación y exclusión; para ello presenta la acción de estos procesos en la ciudad de El Alto, en Bolivia, y su in?uencia en el surgimiento de las movilizaciones sociales que tuvieron lugar en octubre de 2003. Con el propósito de analizar estas dinámicas, el autor enfoca tres procesos: 1) los impactos de las políticas neoliberales en una ciudad indígena empobrecida; 2) la construcción de espacios políticos contestatarios; 3) la organización de redes barriales y las formas en que se articulan las identidades de clase e indígenas en El Alto. Otras cuestiones abordadas en el trabajo son las relativas a urbanización, pobreza y discriminación laboral, y la incorporación del análisis de los discursos sociales de actores sociales vinculados con las problemáticas analizadas. | ||
| 590 | |a RRA/MARZO2012 | ||
| 650 | |a 1.POBLACION INDIGENA | ||
| 650 | |a 2.POBREZA | ||
| 650 | |a 3.MOVIMIENTOS SOCIALES | ||
| 650 | |a 4.DISCRIMINACION SOCIAL | ||
| 650 | |a 5.CONFLICTOS SOCIALES | ||
| 650 | |a 6.BOLIVIA | ||
| 773 | |g (2008), páginas 349-372 | ||
| 999 | |c 32824 |d 32824 | ||
